000 00554nam a2200193Ia 4500
008 151119s9999||||xx |||||||||||||| ||und||
082 _a891.463
082 _bGKKV10560
100 _aपोरे सुरेश
245 _aउन्हातील चांदणे
260 _a--
260 _b--
260 _c0
600 _aपोरे सुरेश
630 _aउन्हातील चांदणे
700 _aपोरे सुरेश
730 _aउन्हातील चांदणे
942 _cBOOK
999 _c1064677
_d1064674